Sports Quiz

Random Sports Quiz
Score 0/5 Timer 03:00
0 Plays Today
Event Fighter % Correct
UFC 64Anderson Silva
100%
UFC 53Rich Franklin
91.9%
UFC 51Evan Tanner
75.7%
UFC 33Dave Menne
51.4%
UFC 35Murilo Bustamante
45.9%
Remove Ads.
Support Sporcle.
Get the best of Sporcle when you Go Orange. This ad-free experience offers more features, more stats, and more fun while also helping to support Sporcle. Thank you for becoming a member.

You're not logged in!

Compare scores with friends on all Sporcle quizzes.
OR
Log In

Show Comments

Extras

Created Nov 19, 2010ReportNominate

Top Quizzes Today


Score Distribution

Your Account Isn't Verified!

In order to create a playlist on Sporcle, you need to verify the email address you used during registration. Go to your Sporcle Settings to finish the process.

Report this User

Report this user for behavior that violates our Community Guidelines.

Details: